ORGANIZATIONAL DYNAMICS (Record no. 4470)

MARC details
000 -LEADER
fixed length control field 00335nam a22001337a 4500
008 - FIXED-LENGTH DATA ELEMENTS--GENERAL INFORMATION
fixed length control field 250903b |||||||| |||| 00| 0 eng d
020 ## - INTERNATIONAL STANDARD BOOK NUMBER
ISBN 9789780294830
100 ## - MAIN ENTRY--AUTHOR
Author OGUNBAMERU OLAKUNLE A.
245 ## - TITLE STATEMENT
Title ORGANIZATIONAL DYNAMICS
260 ## - PUBLICATION, DISTRIBUTION, ETC. (IMPRINT)
Place of publication UK
Name of publisher SPECTRUM BOOKS LIMITED
Date of publication 2004
300 ## - COLLATION
Pagination 577p.
942 ## - ADDED ENTRY ELEMENTS (KOHA)
Item type Books
050 ## - LIBRARY OF CONGRESS CALL NUMBER
Classification number HD 58.7
Item number .O48
Holdings
Source of classification or shelving scheme Not for loan Permanent location Current location Date acquired Accession No. Full call number Barcode. Koha item type
Library of Congress Classification   Samuel Ogbemudia Main Library, University of Abuja Samuel Ogbemudia Main Library, University of Abuja 09/03/2025 2016/46094 HD 58.7.O48 2025-3253 Books